000 00643nam a2200229Ia 4500
003 OSt
005 20221007071459.0
006 a|||||r|||| 00| 0
007 ta
008 221006b |||||||| |||| 00| 0 eng d
024 _a27,403
037 _cReports / Technical Reports
040 _aFLL
_cFLL
_beng
041 _2eng
_aeng
082 _aZ63:1:6, K1
100 _aKerr A.J.
_9152592
245 0 _aNative law of succession in South Africa
260 _aLondon
_bButterworths UK
_c1961
300 _axxviii,132p
_ccm.
942 _hZ63:1:6, K1
_cREP
_2CC
999 _c1143468
_d1143468